000
00357nam a22001457a 4500
008
230411b |||||||| |||| 00| 0 eng d
020
_a
978-0-00-823799-8
082
_a
813.54
100
_a
Imbolo Mbue
245
_a
Behold the dreamers
260
_b
Fourth Estate,
_c
2017
300
_a
382 p.
_c
20 cm
942
_2
ddc
999
_c
9546
_d
9547